<?xml version="1.0" encoding="UTF-8"?><?xml-stylesheet type="text/xsl" href="static/style.xsl"?><OAI-PMH xmlns="http://www.openarchives.org/OAI/2.0/" xmlns:xsi="http://www.w3.org/2001/XMLSchema-instance" xsi:schemaLocation="http://www.openarchives.org/OAI/2.0/ http://www.openarchives.org/OAI/2.0/OAI-PMH.xsd"><responseDate>2026-04-14T06:09:46Z</responseDate><request verb="GetRecord" identifier="oai:www.recercat.cat:2117/445195" metadataPrefix="marc">https://recercat.cat/oai/request</request><GetRecord><record><header><identifier>oai:recercat.cat:2117/445195</identifier><datestamp>2025-11-08T03:13:03Z</datestamp><setSpec>com_2072_1033</setSpec><setSpec>col_2072_452951</setSpec></header><metadata><record xmlns="http://www.loc.gov/MARC21/slim" xmlns:dcterms="http://purl.org/dc/terms/" xmlns:xsi="http://www.w3.org/2001/XMLSchema-instance" xmlns:doc="http://www.lyncode.com/xoai" xsi:schemaLocation="http://www.loc.gov/MARC21/slim http://www.loc.gov/standards/marcxml/schema/MARC21slim.xsd">
   <leader>00925njm 22002777a 4500</leader>
   <datafield ind2=" " ind1=" " tag="042">
      <subfield code="a">dc</subfield>
   </datafield>
   <datafield ind2=" " ind1=" " tag="720">
      <subfield code="a">Luque Rodríguez, Eric</subfield>
      <subfield code="e">author</subfield>
   </datafield>
   <datafield ind2=" " ind1=" " tag="260">
      <subfield code="c">2025-10-17</subfield>
   </datafield>
   <datafield ind2=" " ind1=" " tag="520">
      <subfield code="a">En los tiempos que corren se es mucho más consciente del impacto que las acciones del ser humano tiene sobre el medioambiente, es por eso que surge la concienciación y necesidad de crear productos que sean sostenibles, que sean biodegradables y que generen el menor número posible de emisiones. En este proyecto, se tiene como objetivo recrear la piel de un animal mediante la síntesis de un copolímero. Este copolímero será aplicado sobre un tejido no tejido posteriormente. Para llevar esto a cabo, se recabó información sobre el tema de estudios previos y se contempla el uso de etilenglicol y polietilenglicol como iniciadores de la reacción para compararlo posteriormente, además de variar las proporciones de e-caprolactona. Una vez se obtiene el copolímero, llega el paso de la analizar los resultados utilizando técnicas analíticas como espectrofotometría FT-IR, análisis termogravimétrico (TGA) y medición del ángulo de contacto para evaluar sus propiedades. Los resultados obtenidos muestras que el material obtenido de la polimerización incrementa ligeramente el peso, flexibilidad, resistencia al calor y mejora su mojabilidad. Este proyecto conforma un avance en la creación de materiales sostenibles para aplicaciones futuras que velen por la supervivencia del medio que nos rodea ante la demoledora acción del ser humano.</subfield>
   </datafield>
   <datafield ind2=" " ind1=" " tag="520">
      <subfield code="a">In this time and era, mankind is much more aware of the overwhelming impact of its actions and how pernicious they can be against our environment. This is why there is a growing demand for products that are biodegradable, emission-free and sustainable. This project’s main target is to create a copolymer that mimics to a certain extent the properties of animal leather. The copolymer obtained will be applied to a non-woven fabric. In order to achieve this, there was a research of information based in former works and both, polyethylene glycol and ethylene glycol were chosen as initiators. There will be variations of caprolactone as well. Once obtained, the copolymer results will be analysed out using analytical techniques such as FT-IR spectroscopy, thermogravimetric analysis (TGA) and contact angle measurements to assess its properties. The results indicate that the material had its weight increased, and acquired flexibility, heat resistance and better wettability. This project constitutes a big step towards the creation of materials that ensure the survivability of the environment when it is surrounded by constant threats.</subfield>
   </datafield>
   <datafield ind1="8" ind2=" " tag="024">
      <subfield code="a">http://hdl.handle.net/2117/445195</subfield>
   </datafield>
   <datafield tag="653" ind2=" " ind1=" ">
      <subfield code="a">Àrees temàtiques de la UPC::Enginyeria dels materials::Assaig de materials::Assaigs químics</subfield>
   </datafield>
   <datafield tag="653" ind2=" " ind1=" ">
      <subfield code="a">Copolymers</subfield>
   </datafield>
   <datafield tag="653" ind2=" " ind1=" ">
      <subfield code="a">Spectrophotometry L: Spectrophotométrie</subfield>
   </datafield>
   <datafield tag="653" ind2=" " ind1=" ">
      <subfield code="a">Chemistry, Analytic</subfield>
   </datafield>
   <datafield tag="653" ind2=" " ind1=" ">
      <subfield code="a">Copolímers</subfield>
   </datafield>
   <datafield tag="653" ind2=" " ind1=" ">
      <subfield code="a">Espectrofotometria</subfield>
   </datafield>
   <datafield tag="653" ind2=" " ind1=" ">
      <subfield code="a">Química analítica</subfield>
   </datafield>
   <datafield ind2="0" ind1="0" tag="245">
      <subfield code="a">Evaluación de sistemas de amidas con etilenglicol y polietilenglicol como coating de no tejidos</subfield>
   </datafield>
</record></metadata></record></GetRecord></OAI-PMH>